| 000 | 00345 a2200133 4500 | ||
|---|---|---|---|
| 000 | nam a22 7a 4500 | ||
| 100 | _aManoj,Kumar Jena | ||
| 110 | _aManoj,Kumar Jena | ||
| 245 | _aMedia and Marginals in India: Medium, Message and Meaning | ||
| 250 | _alatest edition | ||
| 260 |
_bManohar _c2026 |
||
| 264 |
_bManohar _c2026 |
||
| 942 | _cBK | ||
| 999 |
_c394645 _d394645 |
||